| 000 | 01666nam a2200301 a 4500 | ||
|---|---|---|---|
| 001 | BRCA_2417 | ||
| 005 | 20190320203810.0 | ||
| 008 | 131108s1755----sp-a---###---#000-0#spa-u | ||
| 041 | _aspa | ||
| 044 | _asp | ||
| 084 |
_a058 _b.S66 _c1755 |
||
| 100 | 1 |
_aCervantes Saavedra, Miguel de _d1547-1616 _9213 |
|
| 245 | 1 | 0 |
_aVida y hechos del Ingenioso Cavallero D. Quixote de la Mancha _ccompuesto por Miguel de Cervantes Saavedra. |
| 260 |
_aBarcelona _bJuan Solis _c1755 |
||
| 300 |
_a4 v. _bil. _c16 cm. |
||
| 500 | _aContenido : v 1. Primera parte. Dedicatoria de Cide Hamete Benegeli a D. Quijote. Algunos versos preliminares. Licencia. Tasa. Advertencia del impresor. Prólogo del autor. Teto. -- v 2. Licencia. Tasa. Texto. -- v 3. Segunda parte. Aprovación. Licencia. Tasa. Prólogo del autor. Versos preliminares. Texto. -- v 4. Licencia. Tasa. Tres poesias de los académicos de Argamasilla. Texto | ||
| 500 | _aEdición : Dedicada al mismo Don Quixote | ||
| 500 | _aPrimera publicación del Quijote editada en España en cuatro tomos. Sigue el texto de la S. Martín, de la que copia también las estampas, grabándolas de nuevo, pero muy toscamante. Edición de surtido encuadernada en pergamino Lúdovik Osterc | ||
| 500 | _aEstado físico : La cubierta del volumen 1 está desprendida | ||
| 500 | _aQM43 | ||
| 650 | 1 | 4 |
_aNovela española _yÉpoca clásica, 1500-1700 _9215 |
| 650 | 1 | 4 |
_aLiteratura española _yÉpoca clásica, 1500-1700 _9216 |
| 650 | 1 | 4 |
_aNovela española _ySiglo XVII _9217 |
| 650 | 1 | 4 |
_aDon Quijote (Personaje ficticio) _eNovela _9218 |
| 740 | 0 | _aEl Ingenioso Hidalgo Don Quijote de la Mancha | |
| 902 | _aQFM | ||
| 942 |
_2lcc _cB |
||
| 999 |
_c2158 _d2158 |
||